<?xml version="1.0" encoding="UTF-8"?>
<record
    xmlns:xsi="http://www.w3.org/2001/XMLSchema-instance"
    xsi:schemaLocation="http://www.loc.gov/MARC21/slim http://www.loc.gov/standards/marcxml/schema/MARC21slim.xsd"
    xmlns="http://www.loc.gov/MARC21/slim">

  <leader>00253nam a2200097Ia 4500</leader>
  <controlfield tag="008">230915s9999    xx            000 0 und d</controlfield>
  <datafield tag="050" ind1=" " ind2=" ">
    <subfield code="a">QC861.2.N45.C.1</subfield>
  </datafield>
  <datafield tag="100" ind1=" " ind2=" ">
    <subfield code="a">MORRIS NEIBURGER </subfield>
  </datafield>
  <datafield tag="245" ind1=" " ind2="0">
    <subfield code="a">UNDERSTANDING OUR ATMOSPHERIC ENVIRONMENT</subfield>
  </datafield>
  <datafield tag="942" ind1=" " ind2=" ">
    <subfield code="c">BK</subfield>
  </datafield>
  <datafield tag="999" ind1=" " ind2=" ">
    <subfield code="c">189731</subfield>
    <subfield code="d">189731</subfield>
  </datafield>
  <datafield tag="952" ind1=" " ind2=" ">
    <subfield code="0">0</subfield>
    <subfield code="1">0</subfield>
    <subfield code="2">lcc</subfield>
    <subfield code="4">0</subfield>
    <subfield code="7">0</subfield>
    <subfield code="8">SCT</subfield>
    <subfield code="a">KSUL</subfield>
    <subfield code="b">KSUL</subfield>
    <subfield code="c">FIC</subfield>
    <subfield code="d">2024-09-09</subfield>
    <subfield code="i">56979</subfield>
    <subfield code="l">0</subfield>
    <subfield code="o">QC 861.2 .N45 1982</subfield>
    <subfield code="p">014055</subfield>
    <subfield code="r">2024-09-09 10:37:16</subfield>
    <subfield code="t">C.1</subfield>
    <subfield code="w">2024-09-09</subfield>
    <subfield code="y">BK</subfield>
  </datafield>
</record>
